LIBRARY & INFORMATION CENTRE, KCAET, TAVANUR

ONLINE PUBLIC ACCESS CATALOGUE (OPAC)

Satt varsh ek rekhnkan / (Record no. 6436)

MARC details
000 -LEADER
fixed length control field 00438cam a2200181ua 4500
041 ## - LANGUAGE CODE
Language code of text/sound track or separate title hin
082 ## - DEWEY DECIMAL CLASSIFICATION NUMBER
Classification number 891.54
Item number SUM/SA
100 ## - MAIN ENTRY--AUTHOR NAME
Personal name Sumitranandan, Pant .
245 ## - TITLE STATEMENT
Title Satt varsh ek rekhnkan /
250 ## - EDITION STATEMENT
Edition statement 1 /
260 ## - PUBLICATION, DISTRIBUTION, ETC. (IMPRINT)
Place of publication Delhi :
Name of publisher Rajkamal Prakash ,
Year of publication 1960.
300 ## - PHYSICAL DESCRIPTION
Number of Pages 74 ; .
942 ## - ADDED ENTRY ELEMENTS (KOHA)
Koha item type Books
Holdings
Withdrawn status Lost status Damaged status Home library Current library Date acquired Full call number Accession Number Koha item type
Withdrawn     KAUAET Sanskrit University 07/04/2012 891.54 2044 Books
free website counter